| 000 | 00392nam a2200181Ia 4500 | ||
|---|---|---|---|
| 001 | 13574 | ||
| 005 | 20260306164811.0 | ||
| 008 | 260306t2008||||xx |||||||||||||| ||spa|| | ||
| 041 | _aESP | ||
| 082 |
_a004.678 _bM26 |
||
| 100 |
_aMartÃn Sierra, Antonio J. _eAUT |
||
| 245 | 0 | _aStruts | |
| 260 | _c2008 | ||
| 300 |
_a _c |
||
| 650 | _aGEN | ||
| 654 | _aCCC | ||
| 942 |
_cLIB _dJUS _fJUS _2ddc _n |
||
| 999 |
_c13574 _d13574 |
||